000 00493nam a2200181Ia 4500
005 20250508150405.0
008 008 250505s9999 xx 000 0 eng d
037 _aTextual
040 _aFEDL
_beng
_cFEDL
041 _aeng
_2eng
084 _a575, HUX
_qFEDL
100 _aHuxley Julian
245 0 _aEvolution: The modern synthesis
260 _aLondon, UK
_bGeorge Allen and Unwin Ltd.
_c1948
300 _a645p.
942 _cTEXL
_h575, HUX
999 _c1323379
_d1323379